Motivácia pedagogických zamestnancov a ich profesijný rast

Motivácia ako jeden z najdôležitejších úloh aj v systéme ľudských zdrojov. Efektívne riadenie pedagogických kolektívov. Problematika motivácie vo všeobecnosti. Spôsoby motivácie pedagogických zamestnancov. Teória rovnosti. Teória očakávania.

Salvato in:
Dettagli Bibliografici
Autore principale: Hromada, Jozef
Natura: Capitolo di libro
Lingua:slovacco
Soggetti:
Tags: Aggiungi Tag
Nessun Tag, puoi essere il primo ad aggiungerne!!

MARC

LEADER 00000naa$a2200000$$$4500
001 0081997
005 20231127101345.6
041 0 |a slo 
044 |a SK 
245 1 0 |a Motivácia pedagogických zamestnancov a ich profesijný rast  |c Jozef Hromada 
520 |a Motivácia ako jeden z najdôležitejších úloh aj v systéme ľudských zdrojov. Efektívne riadenie pedagogických kolektívov. Problematika motivácie vo všeobecnosti. Spôsoby motivácie pedagogických zamestnancov. Teória rovnosti. Teória očakávania. 
610 2 0 |a školy 
610 2 0 |a zamestnanci 
610 2 0 |a motivácia 
610 2 0 |a riadenie 
100 1 |a Hromada, Jozef